000 00843nam a22002417a 4500
999 _c20557
_d20557
003 AR-CdUCM
008 190227b ||||| |||| 00| 0 spa d
020 _a960-279-330-9
040 _aMUNICIPALIDAD PROVINCIAL DEL CUSCO
_cBIBLIOTECA MUNICIPAL DEL CUSCO
041 _hgre
082 _a802 /
_bG71
100 _aGonzález Lasiziotaki, Delia.
_95994
245 _aEl ingenuo don anusim :
_bteatro /
260 _aGrecia :
_b Dorikos,
_c1993.
300 _a181 páginas ;
_c21 cm.
500 _aTexto en español con traducción al griego en páginas opuestas. Título paralelo en griego.
505 _aContenido: Personajes -- Don Anusim -- Enrique -- Isabel -- Voz...
650 _aTeatro Griega
_942978
650 _aTeatro siglo XX
_92960
700 _aRobisco, Juan (corrección)
_942979
942 _2ddc
_cLIBROS
945 _aAndy